Computational Actuarial Science with R

Salvato in:
Dettagli Bibliografici
Altri autori: Charpentier, Arthur
Natura: Libro
Lingua:inglese
Pubblicazione: Boca Raton CRC Press 2016
Edizione:1st Edition
Serie:The R Series
Soggetti:
Tags: Aggiungi Tag
Nessun Tag, puoi essere il primo ad aggiungerne!!

MARC

LEADER 00000nam a2200000 4500
001 0248762
005 20240314122755.8
020 |a 978-1-138-03378-8 
020 |a 978-1-4665-9259-9 
041 0 |a eng 
044 |a US 
245 1 0 |a Computational Actuarial Science with R  |c Edited by: Arthur Charpentier 
250 |a 1st Edition 
264 1 |a Boca Raton  |b CRC Press  |c 2016 
300 |a 618 s. 
490 1 |a The R Series 
830 0 |a The R Series 
610 2 0 |a veda 
610 2 0 |a aktuári 
610 2 0 |a využitie počítačov 
610 2 0 |a programovanie 
610 2 0 |a softvér 
610 2 0 |a modelovanie 
610 2 0 |a metodológia 
610 2 0 |a modely štatistické 
610 2 0 |a poisťovníctvo 
610 2 0 |a poistenie životné 
610 2 0 |a financie 
610 2 0 |a poistenie neživotné 
610 2 0 |a modely aktuárske 
700 1 |a Charpentier, Arthur